[Event "2BLS 2324 SC Eppingen - Heilbronner SV"]
[Site "?"]
[Date "2023.10.21"]
[Round "1.3"]
[White "Fecker, Noah"]
[Black "Medvegy, Zoltan"]
[Result "1/2-1/2"]
[WhiteElo "2396"]
[BlackElo "2511"]
[PlyCount "155"]
[EventDate "2023.??.??"]

1. e4 c6 2. Nf3 d5 3. Nc3 dxe4 4. Nxe4 Nf6 5. Qe2 Nxe4 6. Qxe4 Be6 7. b3 Bd5 8. Qe3 Bxf3 9. Qxf3 e6 10. Bb2 Nd7 11. Be2 Nf6 12. O-O Be7 13. d4 O-O 14. c4 a5 15. Rfd1 a4 16. Bc3 Qd7 17. Rab1 Rfd8 18. g3 b5 19. Bf1 b4 20. Bb2 a3 21. Bc1 c5 22. Be3 Qa7 23. Bg2 Rac8 24. d5 exd5 25. cxd5 Ne4 26. Bh3 Rc7 27. Bf4 Nd6 28. Re1 Bf8 29. Bg5 Rb8 30. Bf1 h6 31. Bf4 Rd8 32. Bxd6 Bxd6 33. Re4 Re7 34. Rbe1 Rde8 35. Bb5 Rxe4 36. Rxe4 Rxe4 37. Qxe4 Qb8 38. Bd3 g6 39. h4 h5 40. Kg2 Qd8 41. Qf3 Kg7 42. Kf1 Qe7 43. Qe2 Qf6 44. Kg2 Qd4 45. Bc4 Qb2 46. Kf1 Be5 47. Kg2 Kf8 48. Qf3 Bd6 49. Qe2 Kg7 50. Kf1 Qf6 51. Kg2 Be5 52. Qf3 Qe7 53. Qe3 Qd6 54. Qf3 Kf8 55. Qe2 Bf6 56. Qe4 Be7 57. Bb5 Qf6 58. Qf3 Qe5 59. Bc4 Bf6 60. Qe2 Qd6 61. Qe4 Be5 62. Qe2 Bd4 63. Qe4 Kg7 64. Qf3 Bf6 65. Qe3 Be5 66. Qf3 Qe7 67. Qe3 Qc7 68. Qe2 Bd6 69. Qf3 Qe7 70. Kf1 Qe5 71. Kg2 Qb2 72. Qe2 Qd4 73. Qd3 Qa1 74. Qd2 Qb1 75. Qe2 Qc1 76. Qf1 Qc2 77. Qe2 Qb2 78. Kf1 1/2-1/2

[Event "2BLS 2324 SC Eppingen - Heilbronner SV"]
[Site "?"]
[Date "2023.10.21"]
[Round "1.4"]
[White "Guliyev, Namig"]
[Black "Zuferi, Enis"]
[Result "1/2-1/2"]
[WhiteElo "2531"]
[BlackElo "2375"]
[PlyCount "190"]
[EventDate "2023.??.??"]

1. e4 c5 2. Nf3 d6 3. d4 cxd4 4. Nxd4 Nf6 5. Nc3 a6 6. Be2 e5 7. Nb3 Be6 8. f4 Be7 9. f5 Bd7 10. Bg5 Bc6 11. Bxf6 Bxf6 12. Qd3 Bg5 13. Rd1 Be7 14. Nd5 Nd7 15. O-O Nf6 16. Nxf6+ Bxf6 17. Kh1 Rc8 18. Qf3 O-O 19. c4 Qc7 20. Nd2 b5 21. b3 Qa5 22. cxb5 axb5 23. a4 bxa4 24. Nc4 Qb4 25. bxa4 Rfd8 26. a5 Rb8 27. a6 Qc5 28. Rc1 Bg5 29. Ne3 Bxe4 30. Qxe4 Qxe3 31. Qxe3 Bxe3 32. Rc7 d5 33. f6 gxf6 34. Rxf6 Rb1+ 35. Bf1 Rf8 36. g3 Kg7 37. Rf5 Kg6 38. Rf3 e4 39. Rc6+ f6 40. Rxe3 Rxf1+ 41. Kg2 Ra1 42. Rd6 Ra2+ 43. Kh3 Rc8 44. Rxd5 Rcc2 45. g4 Rxh2+ 46. Kg3 Rhg2+ 47. Kh3 Rgc2 48. Kg3 Rxa6 49. Kf4 Ra4 50. Rxe4 Ra3 51. Re3 Rc4+ 52. Re4 Rcc3 53. Re1 Ra4+ 54. Re4 Raa3 55. Re1 Rf3+ 56. Ke4 Rg3 57. Kf4 Rgf3+ 58. Ke4 Rg3 59. Kf4 Raf3+ 60. Ke4 Rf2 61. Rd8 Rxg4+ 62. Ke3 Rff4 63. Rh1 Re4+ 64. Kf3 Rgf4+ 65. Kg3 Rg4+ 66. Kf3 Rgf4+ 67. Kg3 h5 68. Rg8+ Kf7 69. Ra8 h4+ 70. Kg2 Re2+ 71. Kg1 Re1+ 72. Kg2 Re2+ 73. Kg1 Rb4 74. Ra1 Kg6 75. Rh2 Rxh2 76. Kxh2 Rb3 77. Ra8 Kg5 78. Rg8+ Kf4 79. Rh8 Kg4 80. Rg8+ Kf4 81. Rh8 Rb2+ 82. Kh3 f5 83. Rxh4+ Kf3 84. Ra4 Re2 85. Ra3+ Re3 86. Ra2 f4 87. Rh2 Ra3 88. Rb2 Ke3 89. Kg2 Rc3 90. Ra2 Rb3 91. Ra1 Rb2+ 92. Kf1 f3 93. Ra3+ Kf4 94. Ra8 Rb1+ 95. Kf2 Rb2+ 1/2-1/2

[Event "2BLS 2324 SC Eppingen - Heilbronner SV"]
[Site "?"]
[Date "2023.10.21"]
[Round "1.5"]
[White "Wenninger, Philipp"]
[Black "Juhasz, Armin"]
[Result "1/2-1/2"]
[WhiteElo "2374"]
[BlackElo "2388"]
[PlyCount "86"]
[EventDate "2023.??.??"]

1. d4 Nf6 2. Bg5 d5 3. Bxf6 gxf6 4. e3 c5 5. c3 Qb6 6. Qb3 Nc6 7. Nd2 Bf5 8. Ngf3 e6 9. Nh4 Bg6 10. Be2 Be7 11. f4 f5 12. Nhf3 Bh5 13. O-O Rg8 14. Kh1 O-O-O 15. Qxb6 axb6 16. Rf2 Rg7 17. Ne1 Bh4 18. g3 Bxe2 19. Rxe2 Be7 20. Nd3 h5 21. Nf3 Kc7 22. a3 c4 23. Nde5 Nb8 24. Nd2 Nd7 25. Nxd7 Kxd7 26. Nf3 Ra8 27. Rg1 Kc7 28. Kg2 Rag8 29. Kf1 Bf6 30. Reg2 Kc6 31. Nd2 Be7 32. Ke2 h4 33. Nf3 h3 34. Rf2 b5 35. Rff1 Bf6 36. Ra1 Ra8 37. Rgb1 Rgg8 38. Ra2 Ra4 39. Kf2 Rga8 40. Rg1 Rg8 41. Rb1 Rga8 42. Ng1 Rh8 43. Nf3 Rha8 1/2-1/2

[Event "2BLS 2324 SC Eppingen - Heilbronner SV"]
[Site "?"]
[Date "2023.10.21"]
[Round "1.6"]
[White "Gibicar, Danijel"]
[Black "Degenhard, Simon"]
[Result "1/2-1/2"]
[WhiteElo "2284"]
[BlackElo "2207"]
[PlyCount "54"]
[EventDate "2023.??.??"]

1. d4 Nf6 2. Nf3 e6 3. e3 b6 4. Bd3 Bb7 5. O-O d5 6. Nbd2 Bd6 7. b3 O-O 8. Bb2 c5 9. Ne5 Nc6 10. a3 Rc8 11. Qe2 Ne7 12. dxc5 bxc5 13. c4 Qc7 14. f4 Ne4 15. cxd5 Nxd2 16. Qxd2 exd5 17. Qc2 h6 18. Rac1 Nc6 19. Ng4 d4 20. Qf2 f5 21. Ne5 Bxe5 22. Bc4+ Kh7 23. fxe5 Qxe5 24. exd4 cxd4 25. Rce1 Qc5 26. Rc1 Qd6 27. Rfd1 Rcd8 1/2-1/2

[Event "2BLS 2324 SC Eppingen - Heilbronner SV"]
[Site "?"]
[Date "2023.10.21"]
[Round "1.7"]
[White "Pogan, Nikolas"]
[Black "Cofmann, Veaceslav"]
[Result "1/2-1/2"]
[WhiteElo "2207"]
[BlackElo "2232"]
[PlyCount "112"]
[EventDate "2023.??.??"]

1. Nf3 d5 2. g3 g6 3. Bg2 Bg7 4. O-O c5 5. d3 Nc6 6. Nc3 Nf6 7. Bf4 Nh5 8. Bd2 Nf6 9. a3 O-O 10. Rb1 a5 11. a4 d4 12. Nb5 h6 13. e4 Bg4 14. h3 Bxf3 15. Qxf3 Ne8 16. e5 e6 17. Qe2 Qd7 18. f4 Rb8 19. Be4 Nc7 20. c4 b6 21. Rbe1 Nxb5 22. axb5 Nb4 23. Qd1 Rbc8 24. Rf2 Rc7 25. Ref1 Ra7 26. g4 f5 27. exf6 Rxf6 28. g5 hxg5 29. fxg5 Rxf2 30. Rxf2 Qe8 31. h4 Be5 32. h5 gxh5 33. g6 Bg3 34. Rf3 Be5 35. Rf1 Qd8 36. Qxh5 Bf6 37. Bh6 Nc2 38. Qf3 Bg7 39. Bxg7 Rxg7 40. Qh3 Qg5+ 41. Kh1 Qe5 42. Rf2 Ne3 43. Rh2 Re7 44. Rf2 a4 45. Qh6 Qg7 46. Qg5 Rd7 47. Kg1 Qe7 48. Qh5 Nf5 49. Rh2 Qf6 50. Rf2 Rg7 51. Bxf5 exf5 52. Qxf5 Qxg6+ 53. Qxg6 Rxg6+ 54. Kf1 Re6 55. Rf3 Kg7 56. Rh3 Re8 1/2-1/2

[Event "2BLS 2324 SC Eppingen - Heilbronner SV"]
[Site "?"]
[Date "2023.10.21"]
[Round "1.8"]
[White "Bilchinski, Anton"]
[Black "Huber, Philipp"]
[Result "0-1"]
[WhiteElo "2228"]
[BlackElo "2270"]
[PlyCount "96"]
[EventDate "2023.??.??"]

1. d4 Nf6 2. Nf3 d6 3. c4 g6 4. g3 Bg7 5. Bg2 O-O 6. O-O Bf5 7. Nc3 Ne4 8. Nh4 Nxc3 9. bxc3 Bc8 10. e4 e5 11. Be3 Nc6 12. Rb1 b6 13. Nf3 Ba6 14. Qa4 Na5 15. dxe5 dxe5 16. Rfd1 Qc8 17. c5 Bb7 18. Nd2 Bc6 19. Qb4 Re8 20. Nb3 Nb7 21. a4 Bf8 22. a5 Nd8 23. Ra1 b5 24. a6 Rb8 25. Na5 Ba8 26. c4 Qxa6 27. Bf1 Qe6 28. cxb5 a6 29. Qa4 axb5 30. Bxb5 Rxb5 31. Qxb5 Bxe4 32. Qf1 Qf5 33. h3 Ne6 34. Rac1 Rb8 35. Nc4 Nxc5 36. Nd2 Bd3 37. Qg2 Ne6 38. Ra1 e4 39. g4 Qe5 40. Re1 Rb2 41. Ra8 Qd5 42. Rea1 Kg7 43. R8a4 Bb4 44. Nf1 Nd4 45. Ng3 Nf3+ 46. Kh1 Kf6 47. Bc1 Rb3 48. Bf4 Nh4 0-1

[Event "2BLS 2324 TSV Schönaich - SC Viernheim "]
[Site "?"]
[Date "2023.10.22"]
[Round "2.1"]
[White "Buhmann, Rainer"]
[Black "Koelle, Tobias"]
[Result "1-0"]
[WhiteElo "2563"]
[BlackElo "2454"]
[PlyCount "89"]
[EventDate "2023.??.??"]

1. d4 Nf6 2. Nf3 d5 3. c4 e6 4. Nc3 c5 5. cxd5 cxd4 6. Qxd4 exd5 7. e4 dxe4 8. Qxd8+ Kxd8 9. Ng5 Be6 10. Nxe6+ fxe6 11. Bg5 Nc6 12. Bc4 Ke7 13. Nxe4 Kf7 14. Nd2 h6 15. Be3 Nd5 16. Nf3 Nxe3 17. fxe3 Bd6 18. Ke2 Ne5 19. Bb3 Nxf3 20. gxf3 Rhd8 21. f4 Kf6 22. h4 Bb4 23. h5 Rd2+ 24. Kf3 Rxb2 25. Rhg1 Re8 26. Rac1 Kf7 27. Rg6 Rd2 28. Rc7+ Re7 29. Bxe6+ Ke8 30. Rxg7 Rxg7 31. Rxg7 b5 32. e4 Rd6 33. Bd5 Bc5 34. Kg4 Be3 35. Kf5 Bd4 36. Rg6 Ke7 37. Bb3 Rf6+ 38. Rxf6 Bxf6 39. e5 Bh4 40. Kg4 Be1 41. f5 Kf8 42. f6 a5 43. e6 Bb4 44. Kf5 a4 45. Bd5 1-0

[Event "2BLS 2324 TSV Schönaich - SC Viernheim "]
[Site "?"]
[Date "2023.10.22"]
[Round "2.2"]
[White "Deuer, Marius"]
[Black "Wagner, Dinara"]
[Result "1/2-1/2"]
[WhiteElo "2462"]
[BlackElo "2461"]
[PlyCount "30"]
[EventDate "2023.??.??"]

1. d4 Nf6 2. c4 e6 3. Nc3 Bb4 4. e3 O-O 5. Nge2 d5 6. a3 Bd6 7. c5 Be7 8. b4 c6 9. Nf4 Nbd7 10. Nd3 b6 11. Be2 a5 12. Bb2 Ba6 13. O-O Qc7 14. f4 axb4 15. axb4 Ne4 {(=)} 1/2-1/2

[Event "2BLS 2324 TSV Schönaich - SC Viernheim "]
[Site "?"]
[Date "2023.10.22"]
[Round "2.3"]
[White "Zaragatski, Ilja"]
[Black "Iermito, Sebastian"]
[Result "1/2-1/2"]
[WhiteElo "2456"]
[BlackElo "2521"]
[PlyCount "32"]
[EventDate "2023.??.??"]

1. d4 d5 2. Nf3 Nf6 3. c4 dxc4 4. e3 e6 5. Bxc4 a6 6. O-O Nbd7 7. Qe2 b5 8. Bd3 c5 9. a4 b4 10. e4 cxd4 11. e5 Nd5 12. Nbd2 Nc5 13. Ne4 Nxd3 14. Qxd3 Bb7 15. Rd1 Be7 16. Bg5 O-O {(=)} 1/2-1/2

[Event "2BLS 2324 TSV Schönaich - SC Viernheim "]
[Site "?"]
[Date "2023.10.22"]
[Round "2.4"]
[White "Diaz Camallonga, Carles"]
[Black "Tarlev, Konstantin"]
[Result "1-0"]
[WhiteElo "2481"]
[BlackElo "2589"]
[PlyCount "71"]
[EventDate "2023.??.??"]

1. d4 Nf6 2. Nf3 e6 3. c4 d5 4. g3 Bb4+ 5. Bd2 Be7 6. Bg2 O-O 7. O-O c6 8. Bc3 Nbd7 9. Nbd2 b6 10. b4 dxc4 11. Nxc4 Nd5 12. Qb3 Nxc3 13. Qxc3 Bb7 14. Nfe5 Rc8 15. Rac1 Nf6 16. a3 Nd5 17. Qb3 Qc7 18. Ne3 Qd6 19. Rfd1 Nxe3 20. Qxe3 Rc7 21. b5 Ba8 22. bxc6 Qxa3 23. Rd3 Qb2 24. Rb3 Qa2 25. d5 Bc5 26. Qd3 Rd8 27. Rxc5 Qa1+ 28. Rb1 Qxe5 29. dxe6 Qf6 30. Rd5 Rxd5 31. Bxd5 Kf8 32. exf7 Bxc6 33. Qxh7 Rxf7 34. Bxf7 Kxf7 35. Rc1 Ke7 36. Qd3 1-0

[Event "2BLS 2324 TSV Schönaich - SC Viernheim "]
[Site "?"]
[Date "2023.10.22"]
[Round "2.5"]
[White "Beikert, Guenther"]
[Black "Korneev, Oleg"]
[Result "1/2-1/2"]
[WhiteElo "2367"]
[BlackElo "2465"]
[PlyCount "32"]
[EventDate "2023.??.??"]

1. e4 c5 2. Nf3 e6 3. d4 cxd4 4. Nxd4 Nc6 5. Nb5 d6 6. c4 Nf6 7. N1c3 a6 8. Na3 b6 9. Be2 Bb7 10. O-O Nb8 11. Qd4 Be7 12. Be3 Nbd7 13. Nc2 O-O 14. f3 Qc7 15. Bf2 Rac8 16. Ne3 Qb8 {(=)} 1/2-1/2

[Event "2BLS 2324 TSV Schönaich - SC Viernheim "]
[Site "?"]
[Date "2023.10.22"]
[Round "2.6"]
[White "Menezes, Christoph"]
[Black "Abergel, Thal"]
[Result "1/2-1/2"]
[WhiteElo "2392"]
[BlackElo "2390"]
[PlyCount "47"]
[EventDate "2023.??.??"]

1. Nf3 d6 2. d4 g6 3. c4 Bg7 4. g3 Nc6 5. d5 Nb8 6. Bg2 c5 7. O-O Nf6 8. Nc3 Bg4 9. Ne1 Qd7 10. Nd3 Bh3 11. e4 Bxg2 12. Kxg2 O-O 13. e5 dxe5 14. Nxe5 Qc8 15. Re1 Nbd7 16. Nf3 Nb6 17. Qd3 Qd8 18. Be3 Nbd7 19. Rad1 Rc8 20. Qd2 Re8 21. Bg5 Qb6 22. b3 a6 23. Re2 Qb4 24. Ne5 1/2-1/2

[Event "2BLS 2324 TSV Schönaich - SC Viernheim "]
[Site "?"]
[Date "2023.10.22"]
[Round "2.7"]
[White "Dobrikov, Marco"]
[Black "Kocharin, Timur"]
[Result "1-0"]
[WhiteElo "2252"]
[BlackElo "2181"]
[PlyCount "49"]
[EventDate "2023.??.??"]

1. e4 c5 2. Nf3 d6 3. d4 cxd4 4. Nxd4 Nf6 5. Nc3 Nc6 6. Bg5 e6 7. Qd2 a6 8. O-O-O Bd7 9. f4 b5 10. Nxc6 Bxc6 11. Bd3 Be7 12. Kb1 b4 13. Bxf6 Bxf6 14. Ne2 Qb6 15. g4 g6 16. Rhf1 h6 17. f5 Bg5 18. Qe1 gxf5 19. gxf5 O-O-O 20. fxe6 fxe6 21. Nd4 Rde8 22. Nxc6 Qxc6 23. Qxb4 Re7 24. Bxa6+ Kc7 25. Rxd6 1-0

[Event "2BLS 2324 TSV Schönaich - SC Viernheim "]
[Site "?"]
[Date "2023.10.22"]
[Round "2.8"]
[White "Keilhack, Harald"]
[Black "Muetsch, Annmarie"]
[Result "1/2-1/2"]
[WhiteElo "2233"]
[BlackElo "2262"]
[PlyCount "35"]
[EventDate "2023.??.??"]

1. Nf3 d6 2. d4 g6 3. c4 Bg7 4. Nc3 Nd7 5. e4 e5 6. Be2 Ngf6 7. O-O O-O 8. Re1 c6 9. Bf1 Re8 10. Rb1 exd4 11. Nxd4 Nc5 12. f3 a5 13. Be3 Nfd7 14. Qd2 Be5 15. Rbd1 Qh4 16. g3 Qe7 17. Bg2 Nb6 18. b3 {(=)} 1/2-1/2

[Event "2BLS 2324 SK Schmiden/Cannstatt - SV 194"]
[Site "?"]
[Date "2023.10.22"]
[Round "2.1"]
[White "Aczel, Gergely"]
[Black "Kabisch, Thilo"]
[Result "1-0"]
[WhiteElo "2477"]
[BlackElo "2237"]
[PlyCount "125"]
[EventDate "2023.??.??"]

1. d4 Nf6 2. c4 g6 3. Nc3 Bg7 4. e4 d6 5. f3 b6 6. Be3 O-O 7. Bd3 a6 8. Nge2 c5 9. e5 Nfd7 10. exd6 exd6 11. Be4 Ra7 12. Qd2 cxd4 13. Bxd4 Nf6 14. O-O Bb7 15. Rad1 Bxe4 16. fxe4 Rd7 17. Qg5 h6 18. Qf4 Nh7 19. Qe3 Bxd4 20. Nxd4 Qg5 21. Qf2 Re8 22. Nd5 b5 23. cxb5 axb5 24. Nxb5 Rxe4 25. Ndc3 Re6 26. Nxd6 Rf6 27. Qb6 Rxf1+ 28. Rxf1 Qd8 29. Qxd8+ Rxd8 30. Nxf7 Rd2 31. Nxh6+ Kg7 32. Ng4 Rxb2 33. Rb1 Rxb1+ 34. Nxb1 Nc6 35. Nc3 Kf7 36. Kf2 Ke6 37. Ke3 Kf5 38. h3 Ng5 39. Nf2 Ne6 40. Nd3 Na5 41. Kf2 Nc4 42. g4+ Kf6 43. Nd5+ Kf7 44. h4 Nd4 45. Ne3 Nd6 46. Nc5 Kf6 47. Nb3 Nc6 48. a4 Ke5 49. Kf3 Nb7 50. Nc4+ Kd5 51. Nb6+ Ke5 52. Nd7+ Kd5 53. Kf4 Ne7 54. Kg5 Nd8 55. Kf6 Kd6 56. Nf8 Nd5+ 57. Kxg6 Ke7 58. Nh7 Nf7 59. Ng5 Nd6 60. Nc5 Nf6 61. Nce4 Nxg4 62. Nxd6 Kxd6 63. h5 1-0

[Event "2BLS 2324 SK Schmiden/Cannstatt - SV 194"]
[Site "?"]
[Date "2023.10.22"]
[Round "2.2"]
[White "Trachtmann, Mark"]
[Black "Gschnitzer, Adrian"]
[Result "0-1"]
[WhiteElo "2242"]
[BlackElo "2402"]
[PlyCount "66"]
[EventDate "2023.??.??"]

1. d4 Nf6 2. c4 c5 3. d5 b5 4. cxb5 a6 5. bxa6 g6 6. Nc3 Bg7 7. e4 O-O 8. Nf3 Qa5 9. a7 Nxe4 10. axb8=Q Rxb8 11. Qc2 Nxc3 12. Bd2 Qa4 13. b3 Qe4+ 14. Qxe4 Nxe4 15. Rc1 d6 16. Bc4 Ra8 17. a4 Ba6 18. Ng5 Bxc4 19. Rxc4 Nxg5 20. Bxg5 h6 21. Bd2 Rfb8 22. Ke2 Rxb3 23. a5 f5 24. Rhc1 Kf7 25. R1c2 Ra3 26. Rc1 Rb8 27. R1c2 h5 28. Rc1 Bd4 29. R4c2 e6 30. dxe6+ Kxe6 31. Be1 d5 32. Rd1 Kd6 33. Rd3 Re8+ 0-1

[Event "2BLS 2324 SK Schmiden/Cannstatt - SV 194"]
[Site "?"]
[Date "2023.10.22"]
[Round "2.3"]
[White "Muckle, Julius"]
[Black "Krockenberger, Martin"]
[Result "1-0"]
[WhiteElo "2402"]
[BlackElo "2139"]
[PlyCount "63"]
[EventDate "2023.??.??"]

1. d4 Nf6 2. c4 g6 3. Nc3 Bg7 4. e4 O-O 5. f3 d6 6. Be3 c5 7. dxc5 dxc5 8. Qxd8 Rxd8 9. Bxc5 Nc6 10. Nd5 Nd7 11. Nxe7+ Nxe7 12. Bxe7 Bxb2 13. Rd1 Re8 14. Bd6 b6 15. Ne2 Bb7 16. Nf4 Rac8 17. Nd5 Bxd5 18. cxd5 Bc3+ 19. Kf2 Bf6 20. Bd3 Ne5 21. Ke2 Nxd3 22. Rxd3 Rc2+ 23. Rd2 Rc4 24. Bf4 Bd8 25. Kd3 b5 26. Rc2 g5 27. Bd6 Bf6 28. Rxc4 bxc4+ 29. Kxc4 Rc8+ 30. Kd3 Rc3+ 31. Kd2 Rc4 32. Rc1 1-0

[Event "2BLS 2324 SK Schmiden/Cannstatt - SV 194"]
[Site "?"]
[Date "2023.10.22"]
[Round "2.4"]
[White "Holzhaeuer, Mathias"]
[Black "Faerber, David"]
[Result "1/2-1/2"]
[WhiteElo "2222"]
[BlackElo "2375"]
[PlyCount "33"]
[EventDate "2023.??.??"]

1. e4 e5 2. Nf3 Nc6 3. Bb5 a6 4. Bxc6 dxc6 5. Nc3 f6 6. Ng1 Be6 7. Nge2 Qd7 8. d3 O-O-O 9. Be3 Bd6 10. Qd2 c5 11. Nd5 f5 12. f3 f4 13. Bf2 Ne7 14. c4 Nc6 15. Rb1 Bxd5 16. cxd5 Ne7 17. Rc1 1/2-1/2

[Event "2BLS 2324 SK Schmiden/Cannstatt - SV 194"]
[Site "?"]
[Date "2023.10.22"]
[Round "2.5"]
[White "Vonthron, Horst"]
[Black "Loehr, Markus"]
[Result "1-0"]
[WhiteElo "2356"]
[BlackElo "2222"]
[PlyCount "71"]
[EventDate "2023.??.??"]

1. e4 c6 2. d4 d5 3. e5 c5 4. dxc5 e6 5. a3 Nc6 6. Nf3 Bxc5 7. Bd3 Nge7 8. O-O Ng6 9. b4 Bb6 10. Re1 O-O 11. b5 Na5 12. Bg5 f6 13. exf6 gxf6 14. Bh6 Rf7 15. Nc3 Bd7 16. Na4 Rc8 17. Nxb6 axb6 18. Nd4 e5 19. Qh5 e4 20. Bf1 f5 21. Bg5 Qf8 22. h4 Nc4 23. a4 f4 24. Bh6 Qd6 25. c3 Nce5 26. Rec1 Kh8 27. f3 Nc4 28. Bxc4 Rxc4 29. a5 bxa5 30. Rxa5 Qc5 31. Ra8+ Bc8 32. Rd1 Rxc3 33. fxe4 Rc1 34. Rxc1 Qxc1+ 35. Kh2 Rc7 36. Qxd5 1-0

[Event "2BLS 2324 SK Schmiden/Cannstatt - SV 194"]
[Site "?"]
[Date "2023.10.22"]
[Round "2.6"]
[White "Thoma, Christian"]
[Black "Gschnitzer, Oswald"]
[Result "0-1"]
[WhiteElo "2216"]
[BlackElo "2343"]
[PlyCount "66"]
[EventDate "2023.??.??"]

1. d4 Nf6 2. c4 e6 3. Nc3 Bb4 4. e3 O-O 5. Nge2 Re8 6. a3 Bf8 7. d5 a5 8. Ng3 Na6 9. Bd3 c6 10. O-O exd5 11. cxd5 b5 12. e4 b4 13. Na4 cxd5 14. exd5 Bb7 15. d6 Re6 16. Bf4 Nd5 17. Bd2 Bxd6 18. Bf5 Re8 19. Qf3 Bc6 20. Ne4 Nf6 21. Bg5 Be7 22. Bxf6 Bxf6 23. Nxf6+ Qxf6 24. Qh3 g6 25. Bxd7 Bxa4 26. Bxa4 Re2 27. Rac1 Rxb2 28. Bc6 Rd8 29. Bb7 Nc5 30. Bf3 Ne6 31. axb4 axb4 32. Rc6 Kg7 33. Bg4 Ng5 0-1

[Event "2BLS 2324 SK Schmiden/Cannstatt - SV 194"]
[Site "?"]
[Date "2023.10.22"]
[Round "2.7"]
[White "Hauser, Carlos"]
[Black "Witke, Thomas"]
[Result "1/2-1/2"]
[WhiteElo "2228"]
[BlackElo "2185"]
[PlyCount "35"]
[EventDate "2023.??.??"]

1. d4 d5 2. c4 c6 3. Nf3 Nf6 4. Nc3 Qb6 5. Qa4 e6 6. e3 Nbd7 7. Bd3 dxc4 8. Bxc4 Bd6 9. O-O O-O 10. Rd1 Qc7 11. Qc2 e5 12. h3 exd4 13. exd4 Qa5 14. Bg5 h6 15. Bh4 Nb6 16. Bb3 Bf5 17. Qd2 Nbd7 18. Bg3 1/2-1/2

[Event "2BLS 2324 SK Schmiden/Cannstatt - SV 194"]
[Site "?"]
[Date "2023.10.22"]
[Round "2.8"]
[White "Hamburg, Arthur"]
[Black "Schlegel, Igor"]
[Result "0-1"]
[WhiteElo "1991"]
[BlackElo "2254"]
[PlyCount "41"]
[EventDate "2023.??.??"]

1. d4 Nf6 2. c4 g6 3. Nc3 Bg7 4. e4 d6 5. Nf3 O-O 6. Be2 e5 7. Be3 exd4 8. Nxd4 Re8 9. f3 c6 10. Qd2 d5 11. cxd5 cxd5 12. Bb5 Bd7 13. exd5 Bxb5 14. Ndxb5 Bh6 15. Nd1 Nxd5 16. f4 Bxf4 17. O-O Bxe3+ 18. Nxe3 Nxe3 19. Qxd8 Rxd8 20. Rf3 Nd5 21. Rd1 0-1

[Event "2BLS 2324 TSV Schott Mainz - SV 1920 Hof"]
[Site "?"]
[Date "2023.10.22"]
[Round "2.1"]
[White "Bosiocic, Marin"]
[Black "Lobron, Eric"]
[Result "1-0"]
[WhiteElo "2534"]
[BlackElo "2488"]
[PlyCount "30"]
[EventDate "2023.??.??"]

1. Nf3 d5 2. d4 e6 3. c4 c6 4. Nbd2 f5 5. g3 Nf6 6. Bg2 Bd6 7. O-O O-O 8. Ne5 Nbd7 9. Nd3 Ne4 10. Qc2 Ndf6 11. Nf3 Bd7 12. Bf4 Be7 13. Qb3 Qb6 14. Nfe5 Be8 15. f3 Bf7 1-0

[Event "2BLS 2324 TSV Schott Mainz - SV 1920 Hof"]
[Site "?"]
[Date "2023.10.22"]
[Round "2.2"]
[White "Frischmann, Rick"]
[Black "Saric, Ante"]
[Result "1/2-1/2"]
[WhiteElo "2388"]
[BlackElo "2518"]
[PlyCount "51"]
[EventDate "2023.??.??"]

1. e4 e6 2. d4 d5 3. Nd2 c5 4. Ngf3 cxd4 5. Nxd4 Nf6 6. exd5 Nxd5 7. N2f3 Bb4+ 8. Bd2 O-O 9. c3 Bc5 10. Bd3 Bxd4 11. Nxd4 e5 12. Ne2 Nf6 13. Bg5 Nbd7 14. Bc2 h6 15. Be3 b6 16. Ng3 Nc5 17. b4 Ne6 18. Qf3 Qc7 19. O-O Bb7 20. Qf5 Qc6 21. f3 Qxc3 22. Bxh6 Nd4 23. Qg5 Ne6 24. Qf5 Nd4 25. Qg5 Ne6 26. Qf5 1/2-1/2

[Event "2BLS 2324 TSV Schott Mainz - SV 1920 Hof"]
[Site "?"]
[Date "2023.10.22"]
[Round "2.3"]
[White "Sumets, Andrey"]
[Black "Cicak, Slavko"]
[Result "1-0"]
[WhiteElo "2521"]
[BlackElo "2487"]
[PlyCount "109"]
[EventDate "2023.??.??"]

1. d4 Nf6 2. c4 g6 3. Nc3 Bg7 4. e4 O-O 5. Nf3 d6 6. Be2 c5 7. d5 e6 8. O-O exd5 9. exd5 Bg4 10. Bf4 Nh5 11. Bg5 Bf6 12. Bd2 Re8 13. h3 Bxf3 14. Bxf3 Ng7 15. Ne4 Be5 16. Rb1 Nd7 17. Be2 Qc7 18. Bd3 f5 19. Nc3 Qd8 20. Ne2 a5 21. f4 Bd4+ 22. Nxd4 cxd4 23. Be1 Qf6 24. Be2 Re4 25. Qd2 Nc5 26. Bf2 d3 27. Bxd3 Nxd3 28. Qxd3 Rxf4 29. Rfe1 Rf8 30. b3 Re4 31. Bb6 Qh4 32. Qd2 a4 33. Bf2 Qe7 34. bxa4 Rc8 35. c5 Rxe1+ 36. Rxe1 Qd7 37. cxd6 Qxd6 38. Rb1 Rd8 39. Rxb7 Qxd5 40. Qxd5+ Rxd5 41. Be1 Rd3 42. Bb4 Rd8 43. a5 Ra8 44. Kf2 Ne6 45. Ke3 g5 46. a3 h5 47. Rb6 Kf7 48. a6 Nf4 49. Kf2 h4 50. Bd2 Nd5 51. Rb7+ Ke6 52. a7 f4 53. Bb4 Nf6 54. Kf3 Nd7 55. Kg4 1-0

[Event "2BLS 2324 TSV Schott Mainz - SV 1920 Hof"]
[Site "?"]
[Date "2023.10.22"]
[Round "2.4"]
[White "Schenderowitsch, Michael"]
[Black "Shneider, Aleksandr"]
[Result "1/2-1/2"]
[WhiteElo "2274"]
[BlackElo "2484"]
[PlyCount "95"]
[EventDate "2023.??.??"]

1. d4 d5 2. c4 e6 3. Nc3 Be7 4. Nf3 Nf6 5. Bf4 O-O 6. e3 c5 7. dxc5 Bxc5 8. a3 Be7 9. Qc2 dxc4 10. Bxc4 a6 11. Rd1 Nbd7 12. O-O Qa5 13. e4 Nh5 14. Be3 Qc7 15. Ba2 b5 16. Bb1 Nhf6 17. Bg5 Re8 18. e5 Nxe5 19. Nxe5 Qxe5 20. Bxf6 Bxf6 21. Qxh7+ Kf8 22. Rfe1 Qg5 23. Nd5 g6 24. h4 Qxh4 25. Qxh4 Bxh4 26. Nc7 Ra7 27. Nxe8 Kxe8 28. Rc1 Bd7 29. Be4 Bf6 30. Re2 Kd8 31. Rd1 Ke7 32. Rdd2 a5 33. f4 b4 34. axb4 axb4 35. Kf2 b3 36. Bd5 Ba4 37. Bc4 Rc7 38. Ba6 Rc2 39. Bd3 Rc5 40. Re4 Bd7 41. Rb4 g5 42. g3 gxf4 43. gxf4 e5 44. fxe5 Bg5 45. Re2 Be6 46. Bb5 Bc1 47. Ba4 Bc4 48. Rxc4 1/2-1/2

[Event "2BLS 2324 TSV Schott Mainz - SV 1920 Hof"]
[Site "?"]
[Date "2023.10.22"]
[Round "2.6"]
[White "Cremer, Kevin"]
[Black "Womacka, Mathias"]
[Result "1/2-1/2"]
[WhiteElo "2255"]
[BlackElo "2371"]
[PlyCount "44"]
[EventDate "2023.??.??"]

1. Nf3 c5 2. b3 d6 3. c4 e5 4. Nc3 Nc6 5. g3 g6 6. Bg2 Bg7 7. O-O Nge7 8. Bb2 O-O 9. d3 h6 10. Rb1 Be6 11. Qd2 Qd7 12. a3 Rab8 13. Ne1 d5 14. cxd5 Nxd5 15. b4 cxb4 16. Nxd5 Bxd5 17. axb4 Rbc8 18. Nc2 Bxg2 19. Kxg2 Nd4 20. Nxd4 exd4 21. e4 dxe3 22. fxe3 Bxb2 1/2-1/2

[Event "2BLS 2324 TSV Schott Mainz - SV 1920 Hof"]
[Site "?"]
[Date "2023.10.22"]
[Round "2.7"]
[White "Plenca, Jadranko"]
[Black "Goebel, Constantin"]
[Result "1/2-1/2"]
[WhiteElo "2434"]
[BlackElo "2252"]
[PlyCount "40"]
[EventDate "2023.??.??"]

1. e4 c5 2. Nf3 Nc6 3. Bb5 e6 4. O-O Nge7 5. Re1 a6 6. Bf1 Ng6 7. c3 Be7 8. d4 d6 9. d5 exd5 10. exd5 Nce5 11. Nxe5 Nxe5 12. c4 O-O 13. Nc3 Bd7 14. b3 f5 15. Bb2 Bf6 16. Qc2 Qa5 17. a4 Rae8 18. Re2 Qd8 19. Rae1 g6 20. Kh1 Bg7 1/2-1/2

[Event "2BLS 2324 TSV Schott Mainz - SV 1920 Hof"]
[Site "?"]
[Date "2023.10.22"]
[Round "2.8"]
[White "Kienast, Joerg"]
[Black "Zude, Arno"]
[Result "1/2-1/2"]
[WhiteElo "2221"]
[BlackElo "2333"]
[PlyCount "75"]
[EventDate "2023.??.??"]

1. e4 e5 2. Nf3 Nc6 3. Bc4 Bc5 4. d3 Nf6 5. O-O d6 6. c3 h6 7. Be3 Bxe3 8. fxe3 O-O 9. Nbd2 a6 10. a4 g6 11. Qe1 Kg7 12. Nh4 Qe7 13. Qg3 Nh5 14. Qf2 Be6 15. Bd5 Nd8 16. Bxe6 Nxe6 17. Nhf3 Nc5 18. Qe2 Qd7 19. b3 Rae8 20. Nh4 d5 21. Qf3 dxe4 22. Nxe4 Nxe4 23. Qxe4 Nf6 24. Qf3 Re6 25. e4 Qc6 26. Kh1 Qxc3 27. Rac1 Qxb3 28. Rxc7 Qb6 29. Rc2 Nd7 30. Qg4 Rf6 31. Rfc1 Rd8 32. h3 Nf8 33. Qg3 Re6 34. Rc7 Rd7 35. Rc8 Rd8 36. R8c7 Rd7 37. Rc8 Rd8 38. R8c7 1/2-1/2